| 000 | 01368ncm a2200373 c 4500 | ||
|---|---|---|---|
| 999 |
_c351576 _d351576 |
||
| 003 | BLK | ||
| 005 | 20240814142846.0 | ||
| 008 | 180414b bul |a|er|||| |0| c|bulo| | ||
| 010 | _aNOT00003926000 | ||
| 040 | _aBLK | ||
| 041 |
_aRUS _cRUS |
||
| 080 |
_aМузика за пиано _b786.2 _z786.2 |
||
| 100 |
_aБритън, Бенджамин _9387857 |
||
| 139 |
_aБриттен, Бенджамин _bБ 81 |
||
| 245 | 1 | 0 |
_aИзбранное _bДля голоса с фортепиано _cБенджамин Бриттен. _nТетр.2 |
| 246 | 1 | 1 |
_aSelected Works _bfor voice and piano |
| 254 | _aНоти | ||
| 257 | _aRUS | ||
| 260 |
_bМузыка _c1966 _aМосква |
||
| 300 |
_a79 с. _c29 см |
||
| 380 | _a7 | ||
| 500 | _aИз цикла "На Этом острове"; Из цикла "Семь сонетов Микеланджело"; Из цикла "Зимние слова"; Из песен Генри Перселла; Народные песни | ||
| 650 | 4 |
_aПиано - пиеси _9291568 |
|
| 653 | _aпиеси за пиано | ||
| 653 | _aвокализи | ||
| 852 |
_a М ІІ 3052 _p0 _bИП _c786.2/ Б 81 |
||
| 856 | 4 |
_qpdf _u |
|
| 856 | 4 |
_qpdf _u |
|
| 942 |
_cNOT _n0 _s1 |
||
| 944 |
_aCR _c2020-04-05 _k30550 _lКети Илиева |
||
| 999 | _d351576 | ||
| 999 | _d351575 | ||
| 999 | _d321375 | ||